Eastern Utah Libraries Catalog: Duchesne, Heber, Roosevelt, & Vernal

Rose in chains / (Record no. 409643)

MARC details
000 -LEADER
fixed length control field 02840cam a2200433 i 4500
001 - CONTROL NUMBER
control field 1525851118
003 - CONTROL NUMBER IDENTIFIER
control field OCoLC
005 - DATE AND TIME OF LATEST TRANSACTION
control field 20250708114152.0
008 - FIXED-LENGTH DATA ELEMENTS--GENERAL INFORMATION
fixed length control field 250630t20252025nyuj e 000 f eng d
010 ## - LIBRARY OF CONGRESS CONTROL NUMBER
LC control number 2024948866
020 ## - INTERNATIONAL STANDARD BOOK NUMBER
International Standard Book Number 9781538775813
Qualifying information (hardcover)
-- (standard edition)
020 ## - INTERNATIONAL STANDARD BOOK NUMBER
International Standard Book Number 1538775816
Qualifying information (hardcover)
-- (standard edition)
020 ## - INTERNATIONAL STANDARD BOOK NUMBER
International Standard Book Number 9781538771228
Qualifying information (hardcover)
-- (deluxe edition)
020 ## - INTERNATIONAL STANDARD BOOK NUMBER
International Standard Book Number 1538771225
Qualifying information (hardcover)
-- (deluxe edition)
020 ## - INTERNATIONAL STANDARD BOOK NUMBER
International Standard Book Number 9781538775349
Qualifying information (hardcover)
-- (B&N deluxe limited signed edition)
020 ## - INTERNATIONAL STANDARD BOOK NUMBER
International Standard Book Number 1538775344
Qualifying information (hardcover)
-- (B&N deluxe limited signed edition)
020 ## - INTERNATIONAL STANDARD BOOK NUMBER
International Standard Book Number 9781538775851
Qualifying information (hardcover)
-- (B&N Black Friday deluxe limited signed edition)
020 ## - INTERNATIONAL STANDARD BOOK NUMBER
International Standard Book Number 1538775859
Qualifying information (hardcover)
-- (B&N Black Friday deluxe limited signed edition)
035 ## - SYSTEM CONTROL NUMBER
System control number (OCoLC)1525851118
040 ## - CATALOGING SOURCE
Original cataloging agency ON8
Language of cataloging eng
Description conventions rda
Transcribing agency ON8
Modifying agency OCLCO
-- GO6
-- HEV
092 ## - LOCALLY ASSIGNED DEWEY CALL NUMBER (OCLC)
Classification number fiction
Item number Soto, Julie
100 1# - MAIN ENTRY--PERSONAL NAME
Personal name Soto, Julie,
Dates associated with a name 1988-
Relator term author.
9 (RLIN) 6487722
245 10 - TITLE STATEMENT
Title Rose in chains /
Statement of responsibility, etc Julie Soto.
250 ## - EDITION STATEMENT
Edition statement First edition.
264 #1 - Production, Publication, Distribution, Manufacture, and Copyright Notice.
Place of production, publication, distribution, manufacture New York, NY :
Name of producer, publisher, distributor, manufacturer Forever,
Date of production, publication, distribution, manufacture, or copyr 2025.
264 #4 - Production, Publication, Distribution, Manufacture, and Copyright Notice.
Date of production, publication, distribution, manufacture, or copyr ©2025.
300 ## - PHYSICAL DESCRIPTION
Extent 444 pages :
Other physical details genealogical table ;
Dimensions 24 cm.
336 ## - Content Type
Content type term text
337 ## - Media type
Media type term unmediated
338 ## - Carrier type
Carrier type term volume
490 2# - SERIES STATEMENT
Series statement The evermore trilogy
Volume number/sequential designation 1
520 ## - SUMMARY, ETC.
Summary, etc "The war is over, the dark forces have won, and the hero who was supposed to have saved them is dead. The prophecy lied. They were supposed to win this war. Instead, Briony Rosewood watches, shattered and grief-stricken, as her brother is killed, her kingdom falls, and her home is overrun by their enemies. Now Evermore is no more... and Briony is sold at an auction - prized only for her remarkable magic. But defeat isn't nearly as agonizing as being 'sold' to Toven, scion of the powerful and devious Hearst family, because Briony knows Toven all too well from his merciless taunting all through school. Now he's a grown man Briony cannot ignore - silver-haired and impossibly, unfairly, beautiful. And while Toven is most definitely her enemy, he's something else, too. Something unexpected. But in a worls where magic can instantly crush a human heart and even thoughts can be stolen, there can be no such thing as love. Not for Briony. A secret rebellion is brewing, and she nees to find a way to escape her cage and join it. Yet despite the horrors of her new world and the role she must learn to play within it, all is not lost. Help - and hope - may yet arise in the most unlikely of places..." -- Jacket flap.
650 #0 - SUBJECT ADDED ENTRY--TOPICAL TERM
Topical term or geographic name as entry element Magic
Form subdivision Fiction.
9 (RLIN) 5673694
650 #0 - SUBJECT ADDED ENTRY--TOPICAL TERM
Topical term or geographic name as entry element Man-woman relationships
Form subdivision Fiction.
9 (RLIN) 5674079
650 #0 - SUBJECT ADDED ENTRY--TOPICAL TERM
Topical term or geographic name as entry element Imaginary wars and battles
Form subdivision Fiction.
9 (RLIN) 5673973
655 #7 - INDEX TERM--GENRE/FORM
Genre/form data or focus term Fantasy fiction.
Source of term lcgft.
655 #7 - INDEX TERM--GENRE/FORM
Genre/form data or focus term Romance fiction.
Source of term lcgft.
942 ## - ADDED ENTRY ELEMENTS (KOHA)
Source of classification or shelving scheme Dewey Decimal Classification
Koha item type BOOK
Holdings
Withdrawn status Lost status Source of classification or shelving scheme Damaged status Not for loan Collection code Home library Current library Shelving location Date acquired Source of acquisition Serial Enumeration / chronology Total Checkouts Total Renewals Full call number Barcode Checked out Date last seen Date checked out Cost, replacement price Price effective from Koha item type
    Dewey Decimal Classification     Fiction Wasatch County Library Wasatch County Library First Floor 07/08/2025 Ingram #1 Evermore Trilogy 7 4 F Soto 34301002118067 04/18/2026 03/10/2026 03/10/2026 30.00 07/08/2025 BOOK
This project was made possible through a grant from the Institute of Museum and Library Service administered by the Utah State Library Division.

Wasatch County Library

  • 465 East 1200 South, Heber City, Utah 84032
  • Phone 435-654-1511 | Fax 435-654-6456

Hours

  • Monday - Friday 9:30 AM - 8:00 PM
  • Saturday 9:30 AM - 1:30 PM
  • Closed Sundays and Holidays